| 000 | 00937cam a2200301 a 4500 | ||
|---|---|---|---|
| 001 | 59230 | ||
| 003 | CO-BoRNBP | ||
| 005 | 20250919205905.0 | ||
| 007 | ta | ||
| 008 | 51121s2003 ck a gr 000 f spa | ||
| 020 | _a9583003433 | ||
| 040 |
_aCO-ArBCA _bspa _dCO-BoBN _c- |
||
| 082 | 0 | 4 |
_aCo863.5 _223 |
| 084 | _a- | ||
| 092 | _aVerde R742m | ||
| 100 | 1 |
_aRomán, Celso, _d1947- |
|
| 245 | 1 | 3 |
_aEl maravilloso viaje de Rosendo Bucurú / _cCelso Román ; Ilustraciones de Henry González |
| 250 | _a3a. reimpr. | ||
| 300 |
_a109 p. : _bil. byn ; _c24 cm |
||
| 336 |
_2rdacontent _atexto _btxt |
||
| 337 |
_2rdamedia _asin mediación _bn |
||
| 338 |
_2rdacarrier _avolumen _bnc |
||
| 490 | 0 | _aCorcel | |
| 505 | 0 | _aLa ciudad de los peces bigotudos -- El encargo y el caracol para emergencias | |
| 650 | 1 | 4 |
_aNovela colombiana _ySiglo XXI _2LEMB _91602 |
| 700 | 1 |
_aGonzález Torres, Henry Javier _eilustrador _939042 |
|
| 942 |
_2ddc _cBK |
||
| 999 |
_c59230 _d59230 |
||